Zákon, podľa ktorého dostaneme len toľko, koľko dáme
Od 1.1.2004 sa má zmeniť systém sociálneho zabezpečenia na systém sociálneho poistenia. Pripravované sadzby poistného pre jednotlivé skupiny platcov. Definície dôležitých pojmov. Predčasné dôchodky. Dávky platené poisťovňou. Dávky v nezamestnanosti.
Saved in:
| Main Author: | |
|---|---|
| Format: | Book Chapter |
| Language: | Slovak |
| Subjects: | |
| Tags: |
No Tags, Be the first to tag this record!
|
MARC
| LEADER | 00000naa a2200000 4500 | ||
|---|---|---|---|
| 001 | r048403 | ||
| 005 | 20230925124756.3 | ||
| 041 | 0 | |a slo | |
| 044 | |a SK | ||
| 245 | 1 | 0 | |a Zákon, podľa ktorého dostaneme len toľko, koľko dáme |c Marta Moravčíková |
| 520 | |a Od 1.1.2004 sa má zmeniť systém sociálneho zabezpečenia na systém sociálneho poistenia. Pripravované sadzby poistného pre jednotlivé skupiny platcov. Definície dôležitých pojmov. Predčasné dôchodky. Dávky platené poisťovňou. Dávky v nezamestnanosti. | ||
| 610 | 2 | 0 | |a zabezpečenie sociálne |
| 610 | 2 | 0 | |a reformy |
| 610 | 2 | 0 | |a poistenie sociálne |
| 610 | 2 | 0 | |a poistné |
| 610 | 2 | 0 | |a dávky poistné |
| 610 | 2 | 0 | |a dávky sociálne |
| 610 | 2 | 0 | |a dávky poistenia nemocenského |
| 610 | 2 | 0 | |a dávky v materstve |
| 610 | 2 | 0 | |a dávky zabezpečenia dôchodkového |
| 610 | 2 | 0 | |a zamestnanci |
| 610 | 2 | 0 | |a zamestnávatelia |
| 610 | 2 | 0 | |a osoby fyzické |
| 610 | 2 | 0 | |a dôchodcovia |
| 610 | 2 | 0 | |a úpravy právne |
| 610 | 2 | 0 | |a Slovensko |
| 100 | 1 | |a Moravčíková, Marta | |